| 000 | 00644nam a2200253Ia 4500 | ||
|---|---|---|---|
| 008 | 190123s9999 xx 000 0 und d | ||
| 020 | _a0590471406 | ||
| 050 | _bP153 1994 | ||
| 100 | _aPalacios, Argentina | ||
| 245 | 0 | _aStanding tall : | |
| 245 | 0 | _bstories of ten Hispanic Americans / | |
| 245 | 0 | _cby Argentina Palacios. | |
| 260 | _aNew York, New York : | ||
| 260 | _bScholastic, | ||
| 260 | _c1994 | ||
| 300 | _a232 pages : | ||
| 300 | _bcolored illustrations ; | ||
| 300 | _c19cm. | ||
| 500 | _a1060L | ||
| 650 | _aHispanic Americans -- | ||
| 650 | _aHispanic Americans. | ||
| 650 | _xBiography. | ||
| 700 | _aTitle. | ||
| 999 |
_c361246 _d361246 |
||